Pays commençant par la lettre C - Statistiques

Statistiques générales
  • Ce quiz a été pris 346 934 fois
    342 409 depuis la dernière actualisation
  • Le résultat moyen est 10 sur 15
Statistiques - réponses
Pays % Correct
Canada
91%
Chine
82%
Cameroun
72%
Colombie
70%
Croatie
70%
Chili
66%
Corée du Nord
65%
Corée du Sud
65%
Cambodge
62%
Chypre
61%
Cuba
55%
Comores
53%
Costa Rica
53%
Cap-Vert
45%
Côte d'Ivoire
44%
Aucun quiz correspondant
Distribution des résultats
% des personnes avec chaque résultat
Percentile par nombre de réponses
Votre historique - résultats
Vous n’avez pas pris ce quiz depuis la dernière actualisation